000
00243nam a22000977a 4500
008
230208b |||||||| |||| 00| 0 eng d
020
_a
9780241257531
100
_a
Bono De Edward
_9
7657
245
_a
Six Thinking Hats
260
_a
UK
_b
Penguin Books
999
_c
12230
_d
12230